000 00334 a2200145 4500
001 180982
020 _a
040 _cMagnum
100 _aPinto, Neiva Ferreira
240 1 0 _aCultura classica em debate v.6
_lpor
245 1 0 _aCultura classica em debate v.6
362 0 _a1899
697 _aMAGNITO: HISTORIA GERAL
942 _cBK
999 _c180982
_d180982